Liste des séries de jeux vidéo les plus vendues - Statistiques

Statistiques générales
  • Ce quiz a été pris 155 fois
  • Le résultat moyen est 14 sur 45
Statistiques - réponses
Nombre de ventes (Millions) Année de Sortie du 1er Jeu Licence % Correct
680 1981 Mario
95%
400 2003 Call of Duty
76%
325 1993 FIFA
72%
355 1997 Grand Theft Auto
65%
238 2011 Minecraft
64%
386 1996 Pokémon
62%
76 1991 Sonic
60%
496 1984 Tetris
59%
200 2007 Assassin's Creed
52%
71 2002 Battlefield
40%
139 1986 The Legend of Zelda
39%
71 1981 Donkey Kong
36%
51 2005 God of War
36%
62 2004 Red Dead
33%
88 1996 Tomb Raider
33%
159 1987 Final Fantasy
32%
85 2001 Halo
31%
197 2006 Wii
30%
66 2001 Animal Crossing
29%
135 1996 Resident Evil
29%
64 1999 Super Smash Bros
26%
50 1996 Crash Bandicoot
25%
57 1987 Metal Gear
23%
150 1994 Need for Speed
23%
50 1994 Tekken
23%
80 1997 Gran Turismo
22%
200 2000 Les Sims
22%
52 2004 Far Cry
21%
111 1999 NBA 2K
20%
65 2000 Counter-Strike
19%
54 1992 Mortal Kombat
19%
111 1995 Pro Evolution Soccer
16%
65 2007 The Witcher
16%
59 1994 The Elder Scrolls
15%
70 2009 Just Dance
12%
65 2017 PUBG
12%
59 1984 Dragon Ball
11%
50 1997 Diablo
10%
82 1986 Dragon Quest
10%
57 1991 Civilization
7%
104 1995 Lego
7%
90 2004 Monster Hunter
6%
70 2007 Borderlands
5%
70 2000 WWE 2K
4%
130 1988 Madden NFL
3%
Aucun quiz correspondant
Distribution des résultats
% des personnes avec chaque résultat
Percentile par nombre de réponses
Votre historique - résultats
Vous n’avez pas pris ce quiz